Communication systems : (Record no. 7306)
[ view plain ]
| 000 -LEADER | |
|---|---|
| fixed length control field | 01381pam a2200229 a 4500 |
| 020 ## - INTERNATIONAL STANDARD BOOK NUMBER | |
| ISBN | 007009960X |
| 020 ## - INTERNATIONAL STANDARD BOOK NUMBER | |
| ISBN | 9780070099609 |
| 020 ## - INTERNATIONAL STANDARD BOOK NUMBER | |
| ISBN | 0070099618 (solutions manual) |
| 050 00 - CALL NUMBER | |
| Classification number | TK5102.5 |
| Item number | .C3 |
| 100 1# - AUTHOR | |
| Personal name | Carlson, A. Bruce, |
| 245 10 - TITLE | |
| Title | Communication systems : |
| Remainder of title | an introduction to signals and noise in electrical communication / |
| Statement of responsibility, etc | A. Bruce Carlson. |
| 250 ## - EDITION | |
| Edition statement | 3rd ed. |
| 260 ## - PUBLICATION INFORMATION | |
| Place of publication | New York : |
| Name of publisher | McGraw-Hill, |
| Year of publication | c1986. |
| 300 ## - DESCRIPTION | |
| Number of Pages | xvii, 686 p. : |
| Other physical details | ill. ; |
| Dimensions | 25 cm. |
| 440 #0 - SERIES | |
| SERIES | McGraw-Hill series in electrical engineering. |
| 500 ## - NOTES | |
| General note | Includes index. |
| 505 ## - FORMATTED CONTENTS NOTE | |
| Table of Content | Ch. 1. Introduction --<br/>Ch. 2. Signals and Spectra --<br/>Ch. 3. Signal Transmission and Filtering --<br/>Ch. 4. Linear CW Modulation --<br/>Ch. 5. Exponential CW Modulation --<br/>Ch. 6. Sampling and Pulse Modulation --<br/>Ch. 7. Analog Communication Systems --<br/>Ch. 8. Probability and Random Variables --<br/>Ch. 9. Random Signals and Noise --<br/>Ch. 10. Noise in Analog Modulation Systems --<br/>Ch. 11. Baseband Digital Transmission --<br/>Ch. 12. Digitization Techniques for Analog Messages and Networks --<br/>Ch. 13. Channel Coding and Encryption --<br/>Ch. 14. Bandpass Digital Transmission --<br/>Ch. 15. Spread Spectrum Systems --<br/>Ch. 16. Information and Detection Theory -- |
| 650 #0 - SUBJECTS | |
| Topical Term | Signal theory (Telecommunication) |
| 650 #0 - SUBJECTS | |
| Topical Term | Modulation (Electronics) |
| 650 #0 - SUBJECTS | |
| Topical Term | Digital communications. |
| 942 ## - ADDED ENTRY ELEMENTS (KOHA) | |
| Koha item type | Books |
| Withdrawn status | Lost status | Home library | Current library | Shelving location | Date acquired | Full call number | Accession Number | Koha item type |
|---|---|---|---|---|---|---|---|---|
| Methodist University Library Main | Methodist University Library Main | General Stacks | 20/02/2020 | TK5102.5 .C3 | 15910 | Books |